000 00417nam a2200157Ia 4500
005 20250417155623.0
008 231217s9999 xx 000 0 und d
020 _a9788131404553
082 _a338.6048 DEE;1 R
100 _aDeepika, M G ed.
245 0 _aCompetition policy : a multilateral approach
260 _c2006
_bIcfai
_aHyderabad
300 _avi, 269
650 _apolicy,multilateral
942 _cAA
999 _c189287
_d189287